MARC

LEADER 00000nam0a2200000 4500
001 301029
005 20231102001348.0
020 |a RU  |b 83-4306 
035 |a (RuTPU)RU\TPU\book\326182 
090 |a 301029 
100 |a 20150722d1983 km y0rusy5003 ca 
101 0 |a rus 
102 |a RU 
105 |a y z 001zd 
200 1 |a Диалектика Гегеля и антигегельянство  |f В. А. Малинин 
210 |a Москва  |c Мысль  |d 1983 
215 |a 240 с. 
320 |a Библиогр.: с. 235-239 
600 1 |a Гегель  |g Георг Вильгельм Фридрих  |b Г. В. Ф.  |c немецкий философ  |f 1770-1831  |2 stltpush  |3 (RuTPU)RU\TPU\pers\947 
600 1 |a Шлейермахер  |b Ф.  |c немецкий протестантский теолог  |f 1768-1834  |g Фридрих  |c философ  |2 stltpush  |3 (RuTPU)RU\TPU\pers\9601 
600 1 |a Кьеркегор (Киркегор)  |g Серен  |b С.  |c датский философ  |c богослов  |f 1813-1855  |c писатель  |2 stltpush  |3 (RuTPU)RU\TPU\pers\251 
600 1 |a Шопенгауэр  |b А.  |c немецкий философ  |f 1788-1860  |g Артур  |2 stltpush  |3 (RuTPU)RU\TPU\pers\470  |9 227 
600 1 |a Фейербах  |g Людвиг  |b Л.  |c немецкий философ  |f 1804-1872  |2 stltpush  |3 (RuTPU)RU\TPU\pers\379 
606 1 |a Классическая немецкая философия  |2 stltpush  |3 (RuTPU)RU\TPU\subj\14477  |9 40858 
610 1 |a диалектика идеалистическая 
610 1 |a Иррационализм 
610 1 |a метафизический материализм 
610 1 |a история 
610 1 |a 18 век 
610 1 |a 19 век 
686 |a Ю3(4Г)5-563  |2 rubbk 
700 1 |a Малинин  |b В. А.  |g Виктор Арсеньевич  |4 070 
801 0 |a RU  |b RuMRKP  |c 19950704  |g psbo 
801 1 |a RU  |b 63413507  |c 20150722 
801 2 |a RU  |b 63413507  |c 20190311  |g RCR 
942 |c BK